Central Library OPAC University of Rajshahi

Japan's economic performance and international role / (Record no. 58446)

MARC details
000 -LEADER
fixed length control field 00719nam a2200241 a 4500
001 - CONTROL NUMBER
control field 58446
003 - CONTROL NUMBER IDENTIFIER
rucl marc code BD-RjUL
005 - DATE AND TIME OF LATEST TRANSACTION
control field 20211209080624.0
008 - FIXED-LENGTH DATA ELEMENTS--GENERAL INFORMATION
fixed length control field 161218s1990 ja f001 0 eng
020 ## - INTERNATIONAL STANDARD BOOK NUMBER
International Standard Book Number 4130470434 :
International Standard Book Number 0860084450 (U.S.)
035 ## - SYSTEM CONTROL NUMBER
System control number (BD-RjUL)58570
040 ## - CATALOGING SOURCE
Original cataloging agency DLC
Transcribing agency DLC
Modifying agency BD-RjUL
Language of cataloging eng
041 ## - LANGUAGE CODE
Language code of text/sound track or separate title eng
082 00 - DEWEY DECIMAL CLASSIFICATION NUMBER
Classification number 337.0952
Edition number 23
Author mark and year SUJ 1990
100 1# - MAIN ENTRY--PERSONAL NAME
Personal name Suzuki, Yoshio,
Dates associated with a name 1931-
9 (RLIN) 173570
245 10 - TITLE STATEMENT
Title Japan's economic performance and international role /
Statement of responsibility, etc. Yoshio Suzuki.
260 ## - PUBLICATION, DISTRIBUTION, ETC. (IMPRINT)
Place of publication, distribution, etc. Tokyo :
Name of publisher, distributor, etc. University of Tokyo Press,
Date of publication, distribution, etc. c1990.
300 ## - PHYSICAL DESCRIPTION
Pagination x, 177 p. ;
Size 24 cm.
651 #0 - SUBJECT ADDED ENTRY--GEOGRAPHIC NAME
Geographic name Japan
General subdivision Foreign economic relations.
9 (RLIN) 173264
700 1# - ADDED ENTRY--PERSONAL NAME
Personal name Suzuki, Yoshio,
942 ## - ADDED ENTRY ELEMENTS (KOHA)
Source of classification or shelving scheme Dewey Decimal Classification
Koha item type Books
Holdings
Lost status Source of classification or shelving scheme Damaged status Not for loan Collection code Permanent Location Current Location Shelving location Date acquired Total Checkouts Full call number Date last seen Copy number Koha item type
  Dewey Decimal Classification   Not For Loan Non-fiction Central Library, University of Rajshahi Central Library, University of Rajshahi Reading Room 03/03/1996   337.0952 SUJ 1990 18/12/2016 C-1 Books